| 000 | 00514nam a2200169Ia 4500 | ||
|---|---|---|---|
| 008 | 240729s9999 xx 000 0 und d | ||
| 022 | _a2079-9268 | ||
| 245 | 0 | _aJournal of Low Power Electronics and Applications | |
| 260 | _aSwitzerland | ||
| 260 | _bMDPI AG | ||
| 650 | _a Applications of electric power | ||
| 650 | _a Electrical engineering. Electronics. Nuclear engineering | ||
| 650 | _aTechnology | ||
| 856 | _uhttps://doaj.org/toc/1897df80d06e438c8935bcee39c0b469 | ||
| 942 | _2ddc | ||
| 942 | _cDOAJEJ | ||
| 999 |
_c74121 _d74121 |
||
| 945 |
_a1 _bMadushi Gamage _c1 _dMadushi Gamage |
||